Sports Teams by State - Statistics

General Stats
  • This quiz has been taken 152 times
    45 since last reset
  • The average score is 85 of 124
Answer Stats
Location Team % Correct
California 49ers
94%
Arizona | Missouri Cardinals
94%
Illinois Bears
90%
Canada | New York Jets
90%
California | New York Giants
87%
California Lakers
87%
Ohio Reds
87%
Illinois Bulls
84%
California Dodgers
84%
Florida Dolphins
84%
California Kings
84%
Wisconsin Packers
84%
Colorado Broncos
81%
Arizona Diamondbacks
81%
Georgia Falcons
81%
Georgia Hawks
81%
Florida Jaguars
81%
Indiana Pacers
81%
Carolinas | Florida Panthers
81%
Nevada Raiders
81%
Maryland Ravens
81%
Massachusetts Red Sox
81%
Arizona Suns
81%
California Warriors
81%
Illinois White Sox
81%
California Athletics
77%
Georgia Braves
77%
Colorado Nuggets
77%
California Rams
77%
Canada Blue Jays
74%
Florida Buccaneers
74%
California Chargers
74%
California Clippers
74%
Illinois Cubs
74%
Florida Heat
74%
Michigan Lions
74%
Canada Raptors
74%
Louisiana Saints
74%
Minnesota TimberWolves
74%
New York Yankees
74%
Massachusetts Celtics
71%
Indiana Colts
71%
Maryland Commanders
71%
Pennsylvania Eagles
71%
Florida Magic
71%
California Padres
71%
Massachusetts Patriots
71%
Louisiana Pelicans
71%
Michigan Pistons
71%
Colorado Rockies
71%
Pennsylvania Steelers
71%
Minnesota Vikings
71%
Pennsylvania 76ers
68%
California Angels
68%
Massachusetts Bruins
68%
Wisconsin Bucks
68%
Canada Canadiens
68%
Missouri Chiefs
68%
Utah Jazz
68%
New York Knicks
68%
Canada Oilers
68%
Maryland Orioles
68%
New York | Texas Rangers
68%
Florida Rays
68%
Michigan Tigers
68%
Tennessee Titans
68%
Maryland Wizards
68%
Ohio Browns
65%
Canada Canucks
65%
Ohio Cavaliers
65%
Texas Cowboys
65%
Carolinas Hornets
65%
Canada Maple Leafs
65%
New York Nets
65%
Pennsylvania Pirates
65%
Canada Senators
65%
Minnesota Twins
65%
Texas Astros
61%
Colorado Avalanche
61%
Illinois BlackHawks
61%
New Jersey Devils
61%
New York Islanders
61%
New York Mets
61%
Maryland Nationals
61%
California Sharks
61%
Oklahoma Thunder
61%
Ohio Bengals
58%
New York Bills
58%
Missouri Blues
58%
Canada Flames
58%
Florida Marlins
58%
Texas Mavericks
58%
Pennsylvania Phillies
58%
Michigan Red Wings
58%
Washington Seahawks
58%
Texas Texans
58%
Wisconsin Brewers
55%
Maryland Capitals
55%
California Ducks
55%
Nevada Golden Knights
55%
Tennessee Grizzlies
55%
Texas Rockets
55%
Texas Spurs
55%
Oregon Trail Blazers
55%
Minnesota Wild
55%
Carolinas Hurricanes
52%
Florida Lightning
52%
Washington Mariners
52%
Pennsylvania Penguins
52%
Tennessee Predators
52%
Texas Stars
52%
Ohio Guardians
48%
Missouri Royals
48%
Pennsylvania Flyers
45%
Washington Kraken
45%
Ohio Blue Jackets
42%
New York Sabres
42%
Utah Utah Hockey Club
32%
No matching quizzes found
Score Distribution
Percent of People with Each Score
Percentile by Number Answered
Your Score History
You have not taken this quiz since the last reset